Proč se bojí selátko : bezpečný průvodce po temném lese strachu /

Main Author: Ježková, Renata, 1975-
Other Authors: Bojarski, Michala, 1984-, Šíp Staňková, Zdeňka, 1980-, Földeši Jeřábková, Petra, 1988-
Language: Czech
Published: Bašť : Děti jsou taky lidi, 2025
Edition: 1. vydání
Subjects:
Physical Description: 83 stran : barevné ilustrace ; 26 cm
Book
Saved in:
LEADER 02034nam a2200541 i 4500
001 nkc20243645063
003 CZ PrNK
005 20260114153450.0
007 ta
008 241127s2025 xr a b f 000 j cze
015 |a cnb003645063 
020 |a 978-80-909186-4-1  |q (vázáno) 
035 |a (OCoLC)1572323642 
040 |a BOA001  |b cze  |e rda 
072 7 |a 821.162.3-3  |x Česká próza  |2 Konspekt  |9 25 
072 7 |a 821-93  |x Literatura pro děti a mládež (beletrie)  |2 Konspekt  |9 26 
080 |a 821.162.3-32  |2 MRF 
080 |a 821-93  |2 MRF 
080 |a 159.942  |2 MRF 
080 |a (0:82-321.7)  |2 MRF 
080 |a (035)  |2 MRF 
100 1 |a Ježková, Renata,  |d 1975-  |7 xx0301417  |4 aut 
245 1 0 |a Proč se bojí selátko :  |b bezpečný průvodce po temném lese strachu /  |c Renata Ježková, Michala Bojarski, Zdeňka Šíp Staňková ; ilustrovala Petra Földeši Jeřábková 
250 |a 1. vydání 
264 1 |a Bašť :  |b Děti jsou taky lidi,  |c 2025 
300 |a 83 stran :  |b barevné ilustrace ;  |c 26 cm 
336 |a text  |b txt  |2 rdacontent 
336 |a statický obraz  |b sti  |2 rdacontent 
337 |a bez média  |b n  |2 rdamedia 
338 |a svazek  |b nc  |2 rdacarrier 
650 0 7 |a strach  |7 ph117268  |2 czenas 
650 0 9 |a fear  |2 eczenas 
655 7 |a české příběhy  |7 fd133973  |2 czenas 
655 7 |a didaktické příběhy  |7 fd132016  |2 czenas 
655 7 |a příručky  |7 fd133209  |2 czenas 
655 7 |a publikace pro děti  |7 fd133156  |2 czenas 
655 9 |a Czech stories  |2 eczenas 
655 9 |a didactic stories  |2 eczenas 
655 9 |a handbooks and manuals  |2 eczenas 
655 9 |a children's literature  |2 eczenas 
700 1 |a Bojarski, Michala,  |d 1984-  |7 mzk20251281379  |4 aut 
700 1 |a Šíp Staňková, Zdeňka,  |d 1980-  |7 jo20221165113  |4 aut 
700 1 |a Földeši Jeřábková, Petra,  |d 1988-  |7 xx0322212  |4 ill 
910 2 |a BOA001  |b 3-1554.173 
990 |a BK 
995 |a 01 
991 |b 202512  |c NOV 
996 6 |b 2611018901  |c 3-1554.173  |l MZK  |r Sklad / do 1 hodiny  |n 0  |p p.v.  |w 002026269  |u 000010  |a 1  |e BOA001  |j MZK50  |s P